000
00246nam a2200097Ia 4500
001
948738
005
20250826215525.0
008
250824s9999 xx 000 0 und d
245
0
_a
HAYVANLARIN ABCSİ
_c
BİLGİN ADALI
260
_b
HEP KİTAP YAYINLARI
999
_c
948738
_d
948738